XXIII Международная научно-техническая конференция и школа по фотоэлектронике и приборам ночного видения, 28-30 мая 2014, Москва, Россия (Запись № 9967945)

Подробности
000 -МАРКЕР
контрольное поле 02596nam0a2200385 i 4500
001 - ИДЕНТИФИКАТОР ЗАПИСИ
контрольное поле RU\NLR\BIBL_A\010459369
005 - ИДЕНТИФИКАТОР ВЕРСИИ
контрольное поле 20260408203305.0
010 ## - МЕЖДУНАРОДНЫЙ СТАНДАРТНЫЙ НОМЕР КНИГИ (ISBN)
Номер (ISBN) 9785895640869
021 ## - НОМЕР ГОСУДАРСТВЕННОЙ РЕГИСТРАЦИИ
Код страны Российская Федерация
Номер 2014-49144
Номер Листа государственной регистраци 2969
035 ## - ДРУГИЕ СИСТЕМНЫЕ НОМЕРА
Идентификатор записи (NILC)RuMoRGB-007518723
035 ## - ДРУГИЕ СИСТЕМНЫЕ НОМЕРА
Идентификатор записи (NLR Aleph) 010459369
100 ## - ДАННЫЕ ОБЩЕЙ ОБРАБОТКИ
Данные общей обработки 20140908d2014 km y0rusy50 ca
101 0# - ЯЗЫК РЕСУРСА
Язык текста, звукозаписи и т.д. русский
102 ## - СТРАНА ПУБЛИКАЦИИ ИЛИ ПРОИЗВОДСТВА
Страна публикации Российская Федерация
105 ## - ПОЛЕ КОДИРОВАННЫХ ДАННЫХ: ТЕКСТОВЫЕ МАТЕРИАЛЫ, МОНОГРАФИЧЕСКИЕ
Кодированные данные о монографическом текстовом документе a|||z|||100yy
200 1# - ЗАГЛАВИЕ И СВЕДЕНИЯ ОБ ОТВЕТСТВЕННОСТИ
Основное заглавие XXIII Международная научно-техническая конференция и школа по фотоэлектронике и приборам ночного видения, 28-30 мая 2014, Москва, Россия
Сведения, относящиеся к заглавию труды конференции
210 ## - ПУБЛИКАЦИЯ, РАСПРОСТРАНЕНИЕ И ДР.
Место издания, распространения и т.д. Москва
Имя издателя, распространителя и т. д. Государственный научный центр Российской Федерации Открытое АО "НПО "Орион"
Дата издания, распространения и т.д. 2014
215 ## - ФИЗИЧЕСКАЯ ХАРАКТЕРИСТИКА
Специфическое обозначение материала и объем 605 с.
Другие сведения о физической характеристике ил.
Размеры 21
300 ## - ОБЩИЕ ПРИМЕЧАНИЯ
Текст примечания Загл. обл.: XXIII Международная научно-техническая конференция по фотоэлектронике и приборам ночного видения, 28-30 мая 2014, Москва, Россия
300 ## - ОБЩИЕ ПРИМЕЧАНИЯ
Текст примечания На обл. в надзаг.: НПО "Орион"
320 ## - ПРИМЕЧАНИЯ О НАЛИЧИИ В ДОКУМЕНТЕ БИБЛИОГРАФИИ / УКАЗАТЕЛЯ
Текст примечания Библиогр. в конце ст.
512 1# - ЗАГЛАВИЕ ОБЛОЖКИ
Заглавие обложки XXIII Международная научно-техническая конференция по фотоэлектронике и приборам ночного видения, 28-30 мая 2014, Москва, Россия
517 1# - ДРУГИЕ ВАРИАНТЫ ЗАГЛАВИЯ
Вариант заглавия Двадцать третья Международная научно-техническая конференция по фотоэлектронике и приборам ночного видения, 28-30 мая 2014, Москва, Россия
606 ## - НАИМЕНОВАНИЕ ТЕМЫ КАК ПРЕДМЕТ
Наименование темы Фотоэлектроника
Формальный подзаголовок Съезды, совещания и т.п
Системный номер авторитетной/нормативной записи 1877194
Идентификатор авторитетной/нормативной записи RU\NLR\AUTH\661143369
606 ## - НАИМЕНОВАНИЕ ТЕМЫ КАК ПРЕДМЕТ
Наименование темы Ночного видения приборы
Формальный подзаголовок Съезды, совещания и т.п
Идентификатор авторитетной/нормативной записи RU\NLR\AUTH\661534042
Системный номер авторитетной/нормативной записи 2596345
686 1# - ИНДЕКСЫ ДРУГИХ КЛАССИФИКАЦИЙ
Индекс З996-5я431(0)
686 1# - ИНДЕКСЫ ДРУГИХ КЛАССИФИКАЦИЙ
Индекс З854я431(0)
710 12 - НАИМЕНОВАНИЕ ОРГАНИЗАЦИИ - ПЕРВИЧНАЯ ОТВЕТСТВЕННОСТЬ
Начальный элемент ввода Международная научно-техническая конференция и школа по фотоэлектронике и приборам ночного видения
Порядковый номер временной организации и / или порядковый номер ее части 23
Место проведения временной организации Москва
Дата проведения временной организации 2014
Системный номер авторитетной/нормативной записи 424092
Идентификатор авторитетной/нормативной записи RU\NLR\AUTH\880378861
801 #0 - ИСТОЧНИК ЗАПИСИ
Страна Российская Федерация
Организация РГБ
Дата составления 20140710
Правила каталогизации RCR
801 #1 - ИСТОЧНИК ЗАПИСИ
Страна Российская Федерация
Организация РГБ
Дата составления 20140710
Источник данных rusmarc
942 ## - ДОПОЛНИТЕЛЬНЫЕ ЭЛЕМЕНТЫ ЗАПИСИ (АБИС)
Тип экземпляра АБИС Книга
980 ## - КОЛЛЕКЦИЯ
Название коллекции НБР

Нет доступных экземпляров.